000 00534nam a2200193Ia 4500
001 13251
003 GE_BSU
008 181216s||||||||xx |||||||||||||| ||und||
040 _cGE_BSU
080 _a581.76
245 _aСветоимпульсное облучение растении
245 _cОтв.ред.А.А.Шахов
260 _aМосква
260 _bНаука
260 _c1967
300 _a200стр.27см.
653 _aСветоимпульсное облучение растении
942 _cBK
999 _c46415
_d46415